[Event "GER-chB Seniors 26th"]
[Site "Bad Neuenahr"]
[Date "2014.08.13"]
[Round "9"]
[White "Schmitz, Norbert"]
[Black "Thol, Alfons"]
[Result "1-0"]
[WhiteElo "975"]
[BlackElo "940"]
[PlyCount "51"]
[EventDate "2014.08.05"]
[EventType "swiss"]
[EventRounds "9"]
[EventCountry "GER"]
[SourceTitle "EXT 2018"]
[Source "ChessBase"]
[SourceDate "2017.10.13"]
[SourceVersion "1"]
[SourceVersionDate "2017.10.13"]
[SourceQuality "1"]

1. e4 e5 2. Nf3 Nc6 3. Bc4 h6 4. a3 Be7 5. d3 Nf6 6. Nc3 a6 7. h3 0-0 8. Be3 b5 9. Bb3 Bb7 10. 0-0 Na5 11. Ba2 b4 12. axb4 Bxb4 13. Ne2 d5 14. c3 Be7 15. Nxe5 dxe4 16. d4 Nd5 17. Bd2 Bf6 18. c4 Bxe5 19. Bxa5 e3 20. dxe5 exf2+ 21. Rxf2 Ne3 22. Qxd8 Raxd8 23. Bb3 Rd7 24. Nf4 c5 25. Ba4 Re7 26. Bc3 1-0